Factores socio demográficos y culturales asociados al incumplimiento del esquema de vacunación en niños de 0 a 5 años que asisten a la Unidad de Salud de San Esteban Catarina en el periodo de enero a junio del año 2024. (Registro nro. 35552)

Detalles MARC
000 -CABECERA
Longitud fija campo de control 01193nam a22002177a 4500
003 - IDENTIFICADOR DELl NÚMERO DE CONTROL
Identificador del número de control OSt
005 - FECHA Y HORA DE LA ÚLTIMA TRANSACCIÓN
Fecha y hora de la última transacción 20250327203103.0
008 - CÓDIGOS DE INFORMACIÓN DE LONGITUD FIJA
Códigos de información de longitud fija 250108b ||||| |||| 00| 0 eng d
040 ## - FUENTE DE LA CATALOGACIÓN
Centro transcriptor BCRI
082 ## - NÚMERO DE LA CLASIFICACIÓN DECIMAL DEWEY
Númeroo de clasificación 610.72
100 ## - PUNTO DE ACCESO PRINCIPAL-NOMBRE DE PERSONA
9 (RLIN) 48987
Nombre de persona Cortez Henríquez, Yajaira del Carmen
245 ## - MENCIÓN DE TÍTULO
Título Factores socio demográficos y culturales asociados al incumplimiento del esquema de vacunación en niños de 0 a 5 años que asisten a la Unidad de Salud de San Esteban Catarina en el periodo de enero a junio del año 2024.
Resto del título : Informe final de investigación
Mención de responsabilidad, etc. Yajaira del Carmen Cortez Henríquez, Wendy Carolina Umaña Morales, Oscar Reynaldo Valladares Flores
260 ## - PUBLICACIÓN, DISTRIBUCIÓN, ETC. (PIE DE IMPRENTA)
Lugar de publicación, distribución, etc. Ilobasco, Cabañas
Nombre del editor, distribuidor, etc. Universidad Católica de El Salvador
Fecha de publicación, distribución, etc. 2024
300 ## - DESCRIPCIÓN FÍSICA
Extensión 79 h.
Dimensiones 27 cm.
Material anejo Versión digital en USB
502 ## - NOTA DE TESIS
Nota de tesis Trabajo de graduación para optar al grado académico de Licenciados en Enfermería.
650 #0 - PUNTO DE ACCESO ADICIONAL DE MATERIA - TÉRMINO DE MATERIA
9 (RLIN) 14936
Término de materia o nombre geográfico como elemento inicial Enfermería
Subdivisión de materia general Investigación
700 ## - PUNTO DE ACCESO ADICIONAL - NOMBRE DE PERSONA
9 (RLIN) 48988
Nombre de persona Umaña Morales, Wendy Carolina
700 ## - PUNTO DE ACCESO ADICIONAL - NOMBRE DE PERSONA
9 (RLIN) 48989
Nombre de persona Valladares Flores, Oscar Reynaldo
710 ## - PUNTO DE ACCESO ADICIONAL - NOMBRE DE ENTIDAD
9 (RLIN) 40915
Nombre de entidad o nombre de jurisdicción como elemento inicial Universidad Católica de El Salvador
Unidad subordinada Centro Regional de Ilobasco
-- Facultad Multidisciplinaria
942 ## - ENTRADA DE ELEMENTOS AGREGADOS (KOHA)
Fuente de clasificaión o esquema Dewey Decimal Classification
Koha [por defecto] tipo de item 4- Trabajo de Graduación
Parte de clasificación prozim
Existencias
Suprimido Perdido Fuente de clasificación o esquema Estropeado Restricciones de uso No para préstamo Código de colección Localización permanente Localización actual Localización en estanter&íacute;as Fecha adquisición Fuente de adquisición Número de inventario Préstamos totales Renovaciones totales Signatura completa Código de barras Fecha última consulta Fecha último préstamo Fecha del precio de reemplazo Tipo de item de Koha
NULL NULL Dewey Decimal Classification NULL Prestable NULL NULL Biblioteca Centro Regional de Ilobasco Biblioteca Centro Regional de Ilobasco Sala Principal 22/08/2024 Donación 000316 9 6 IN-000316 1052738 23/03/2026 21/03/2026 08/01/2025 4- Trabajo de Graduación